Truyện Nàng Nga - Đạo Hai Mối : Bản tình ca tiêu biểu của dân tộc Mường
Nội dung sách gồm hai phần. Phần 1: Những điều nhận biết về tác phẩm Nàng Nga - Đạo Hai Mối. Phần 2: Tác phẩm.
Đã lưu trong:
| Tác giả của công ty: | |
|---|---|
| Định dạng: | Sách |
| Ngôn ngữ: | Undetermined |
| Được phát hành: |
Hà Nội
Khoa học - Xã hội
2015
|
| Những chủ đề: | |
| Các nhãn: |
Thêm thẻ
Không có thẻ, Là người đầu tiên thẻ bản ghi này!
|
| Thư viện lưu trữ: | Trung tâm Học liệu Trường Đại học Cần Thơ |
|---|
| LEADER | 00927nam a2200205Ia 4500 | ||
|---|---|---|---|
| 001 | CTU_209350 | ||
| 008 | 210402s9999 xx 000 0 und d | ||
| 082 | |a 398.209597 | ||
| 082 | |b H452 | ||
| 110 | |a Hội văn nghệ dân gian Việt Nam | ||
| 245 | 0 | |a Truyện Nàng Nga - Đạo Hai Mối : | |
| 245 | 0 | |b Bản tình ca tiêu biểu của dân tộc Mường | |
| 245 | 0 | |c Cao Sơn Hải (Sưu tầm, biên dịch, giới thiệu) | |
| 260 | |a Hà Nội | ||
| 260 | |b Khoa học - Xã hội | ||
| 260 | |c 2015 | ||
| 520 | |a Nội dung sách gồm hai phần. Phần 1: Những điều nhận biết về tác phẩm Nàng Nga - Đạo Hai Mối. Phần 2: Tác phẩm. | ||
| 650 | |a Văn học dân gian Việt Nam,Folk literature, Vietnamese | ||
| 904 | |i Châu Thiên Phúc,Hải | ||
| 980 | |a Trung tâm Học liệu Trường Đại học Cần Thơ | ||